| 000 | 00713cab a2200205 4500 | ||
|---|---|---|---|
| 001 | WB2921-25 | ||
| 008 | 090401t1993 xxu||||| |||| 00| 0 eng d | ||
| 035 | _a(Sirsi) u42803 | ||
| 041 | _aeng | ||
| 245 | _aHouse-hunting from home | ||
| 260 | _c1993 | ||
| 350 | _a0 | ||
| 490 |
_aDaily Mail _v4 June 1993, 67(1) |
||
| 520 | _aA computerised property service has been launched to cater for the needs of long-distance house-hunters, providing by telephone lists of suitable agents, builders and conveyancers for the locality required. | ||
| 650 | _aESTATE AGENTS | ||
| 650 | _aPROPERTY BID LIST | ||
| 690 | _aPROPERTY-RESIDENTIAL PROPERTY-RESIDENTIAL PROPERTY MARKET | ||
| 942 | _n0 | ||
| 948 | _c04/03/1997 | ||
| 999 |
_c27379 _d27379 |
||